|
|
|
|
| LEADER |
01483nam a2200313 a 4500 |
| 001 |
10388 |
| 003 |
BD-DhAAL |
| 008 |
091115s2003 ohua b 001 0 eng d |
| 999 |
|
|
|c 5531
|d 5531
|
| 010 |
|
|
|a 2002070305
|
| 020 |
|
|
|a 0030339294
|
| 020 |
|
|
|a 0030339294 (hc.)
|
| 040 |
|
|
|a DLC
|c DLC
|d DLC
|d BD-DhAAL
|
| 082 |
0 |
0 |
|a 332.6
|2 21
|
| 100 |
1 |
|
|a Reilly, Frank K.
|9 40016
|
| 245 |
1 |
0 |
|a Investments /
|c Frank K. Reilly, Edgar A. Norton.
|
| 250 |
|
|
|a Sixth edition
|
| 260 |
|
|
|a Mason, Ohio :
|b Thomson/South-Western,
|c c2003.
|
| 300 |
|
|
|a xv, 800 pages :
|b illustrations (some colors) ;
|c 26 cm.
|
| 504 |
|
|
|a Includes bibliographical references and index.
|
| 541 |
1 |
|
|e 00010388
|
| 650 |
|
0 |
|a Investments.
|9 40017
|
| 650 |
|
0 |
|a Investment analysis.
|9 40018
|
| 700 |
1 |
|
|a Norton, Edgar,
|d 1957-
|9 40019
|
| 852 |
4 |
|
|a Ayesha Abed Library
|j General Stacks
|
| 942 |
0 |
0 |
|0 1
|2 ddc
|c BK
|
| 952 |
|
|
|0 0
|1 0
|2 ddc
|4 0
|6 332_600000000000000_REI
|7 0
|9 5407
|a BRACUL
|b BRACUL
|c GEN
|d 2009-11-16
|g 0.00
|l 8
|m 47
|o 332.6 REI
|p 3010010388
|r 2025-02-05
|s 2025-01-11
|t 1
|w 2009-11-16
|y BK
|x No price found in the accession register.
|
| 952 |
|
|
|0 0
|1 0
|2 ddc
|4 1
|6 332_600000000000000_REI
|7 0
|9 5432
|a BRACUL
|b BRACUL
|c SPS
|d 2009-11-16
|g 0.00
|l 0
|o 332.6 REI
|p 3010010400
|r 2009-11-16
|t 1
|w 2009-11-16
|y BK
|x No price found in the accession register.
|
| 952 |
|
|
|0 0
|1 0
|2 ddc
|4 1
|6 332_600000000000000_REI
|7 0
|9 5433
|a BRACUL
|b BRACUL
|c SPS
|d 2009-11-16
|g 0.00
|l 0
|o 332.6 REI
|p 3010010399
|r 2017-09-26
|t 1
|w 2009-11-16
|y BK
|x No price found in the accession register.
|